000 00708nam a22002177a 4500
005 20240307143104.0
008 230418s sp ||||gr 00| 0 spa|d
020 _a8473670434
050 0 4 _aHX314
_bB85 1977
100 1 _aBujarin, Nicolás.
245 1 3 _aEl ABC del comunismo
_c / N. Bujarin, E. Preobrazhenski ; traducción Jesús Pérez.
250 _a1a ed.
260 _aBarcelona, España :
_bFontamara,
_c1977
300 _a380 p. ;
_c19 cm.
490 0 _aDe la Naturaleza de las Cosas.
_v
504 _aIncluye bibliografías
650 7 _2lemb
_aComunismo
_zUnión Soviética
700 1 _aPreobrazhenski, E.,
_eautor
700 1 _aPérez Magallón, Jesús,
_etraductor
942 _2lcc
_cLIB
999 _c167207
_d167205